|
|
|
|
| LEADER |
02389nam a2200505 a 4500 |
| 001 |
nkc20071746764 |
| 003 |
CZ PrNK |
| 005 |
20071029093642.0 |
| 007 |
ta |
| 008 |
070808s2007 xr f 100 0 cze |
| 015 |
|
|
|a cnb001746764
|
| 020 |
|
|
|a 978-80-7251-248-5
|q (brož.)
|
| 035 |
|
|
|a (OCoLC)190411534
|
| 040 |
|
|
|a ABA001
|b cze
|
| 072 |
|
7 |
|a 343.9
|x Kriminalistika
|2 Konspekt
|9 16
|
| 080 |
|
|
|a 343.91-053.6
|2 MRF
|
| 080 |
|
|
|a 343.91-053.2
|2 MRF
|
| 080 |
|
|
|a 343.3/.7-058.6-053.2
|2 MRF
|
| 080 |
|
|
|a (062.534)
|2 MRF
|
| 111 |
2 |
|
|a Aktuální poznatky z činnosti služby kriminální policie a vyšetřování na úseku mládeže (konference)
|d (2007 :
|c Praha, Česko)
|7 kn20070830010
|
| 245 |
1 |
0 |
|a Aktuální poznatky z činnosti služby kriminální policie a vyšetřování na úseku mládeže :
|b sborník příspěvků z kurzu k problematice mládeže, který se konal dne 25.1.2007 v Policejní akademii ČR v Praze /
|c [Zdeněk Dvořáček a kolektiv]
|
| 250 |
|
|
|a Vyd. 1.
|
| 260 |
|
|
|a Praha :
|b Vydavatelství PA ČR,
|c 2007
|
| 300 |
|
|
|a 80 s. ;
|c 21 cm
|
| 500 |
|
|
|a Na obálce nad názvem: Policejní akademie České republiky v Praze, Ústav policejně bezpečnostních studií, katedra kriminální, cizinecké a pohraniční policie
|
| 500 |
|
|
|a 80 výt.
|
| 504 |
|
|
|a Obsahuje bibliografie
|
| 550 |
|
|
|a Vydavatel: Policejní akademie České republiky
|
| 650 |
0 |
7 |
|a kriminalita mládeže
|7 ph115013
|2 czenas
|
| 650 |
0 |
7 |
|a dětská kriminalita
|7 ph114394
|2 czenas
|
| 650 |
0 |
7 |
|a děti jako oběti trestných činů
|7 ph182331
|2 czenas
|
| 650 |
0 |
9 |
|a juvenile delinquency
|2 eczenas
|
| 650 |
0 |
9 |
|a child delinquency
|2 eczenas
|
| 650 |
0 |
9 |
|a crimes against children
|2 eczenas
|
| 655 |
|
7 |
|a sborníky konferencí
|7 fd133333
|2 czenas
|
| 655 |
|
9 |
|a proceedings of conferences
|2 eczenas
|
| 700 |
1 |
|
|a Dvořáček, Zdeněk
|7 mzk2005269783
|4 aut
|
| 710 |
2 |
|
|a Policejní akademie České republiky.
|b Katedra kriminální, cizinecké a pohraniční policie
|7 ko2002159772
|
| 856 |
4 |
1 |
|u http://www.digitalniknihovna.cz/mzk/uuid/uuid:3c188cf0-bb5e-11e5-b5dc-005056827e51
|y Digitalizovaný dokument
|x NDK
|
| 910 |
2 |
|
|a BOA001
|b 2-1191.094
|
| 928 |
9 |
|
|a Vydavatelství Policejní akademie České republiky
|
| 990 |
|
|
|a BK
|
| 995 |
|
|
|a 01
|
| 991 |
|
|
|b 200709
|c NOV
|
| 996 |
6 |
|
|b 2610317647
|c 2-1191.094
|l MZK
|r Sklad / do 1 hodiny
|n 32
|p p.v.
|w 000863397
|u 000010
|a 1
|e BOA001
|j MZK50
|s P
|